|
|
|
|
| LEADER |
00000nam0a2200000 4500 |
| 001 |
43316 |
| 005 |
20231031020054.0 |
| 035 |
|
|
|a (RuTPU)RU\TPU\book\44794
|
| 090 |
|
|
|a 43316
|
| 100 |
|
|
|a 20021007d1986 k y0rusy50 ca
|
| 101 |
0 |
|
|a rus
|
| 102 |
|
|
|a BY
|
| 105 |
|
|
|a a z 001zy
|
| 200 |
1 |
|
|a Двумерные осесимметричные нестационарные задачи теплопроводности
|f В. П. Козлов
|g Под ред. А. Г. Шашкова
|
| 210 |
|
|
|a Минск
|c Наука и техника
|d 1986
|
| 215 |
|
|
|a 392 с.
|c ил.
|
| 320 |
|
|
|a Библиогр.: с. 383-391.
|
| 610 |
1 |
|
|a физика
|
| 610 |
1 |
|
|a теплопроводность
|
| 610 |
1 |
|
|a нестационарные решения
|
| 610 |
1 |
|
|a теплообмен
|
| 610 |
1 |
|
|a двумерные задачи
|
| 610 |
1 |
|
|a цилиндрические координаты
|
| 610 |
1 |
|
|a декартовые координаты
|
| 675 |
|
|
|a 536.2
|v 3
|
| 700 |
|
1 |
|a Козлов
|b В. П.
|g Валерий Павлович
|
| 702 |
|
1 |
|a Шашков
|b А. Г.
|4 340
|
| 801 |
|
1 |
|a RU
|b 63413507
|c 20021007
|g PSBO
|
| 801 |
|
2 |
|a RU
|b 63413507
|c 20150406
|g PSBO
|
| 942 |
|
|
|c BK
|